000 00745nam a2200229 4500
003 OSt
005 20260530113851.0
008 260508b |||||||| |||| 00| 0 eng d
020 _a3782814452
040 _aICI
_bspa
_cICI
050 _aNA759.R34
_bP42
100 1 _aMiguel Angel Corzo / Beatríz Trublood
_931196
245 1 0 _aPedro ramirez vazquez :
_bUn arquitecto mexicano y pref. de pierre vago ; realizacion de beatrice trueblood
264 1 _aMéxico ; stuttgart :
_bK. kramer,
_cc1979
300 _a144 páginas
336 _atexto
_2rdacontent
337 _asin medio
_2rdamedia
338 _avolumen
_2rdacarrier
650 _a Ramírez Vázquez, Pedro,
_931197
700 _aVago, Pierre,
_eprologuista
_931198
942 _2lcc
_cBK
_n1
999 _c11445
_d11445